| 000 | 00805nam a2200241Ia 4500 | ||
|---|---|---|---|
| 003 | OSt | ||
| 005 | 20220926014032.0 | ||
| 006 | a|||||r|||| 00| 0 | ||
| 007 | ta | ||
| 008 | 220923b |||||||| |||| 00| 0 eng d | ||
| 020 |
_a9780739148990 _c1600.6199999999999 |
||
| 037 |
_bRKBA\09-10\5454, 09/03/2015, RAJKIRAN BOOK AGENCY _cGeneral Book |
||
| 040 |
_aRTL _cRTL _beng |
||
| 041 |
_2eng _aeng |
||
| 082 | _aY9(T4).73, Q1 | ||
| 100 |
_aSTUBER Jenny M. _9319572 |
||
| 245 | 0 |
_aInside the college _bHow class and culture matters in higher education |
|
| 260 |
_aNew York _bLexington _c2011 |
||
| 300 |
_a201p _ccm. |
||
| 650 | _aSociology | ||
| 942 |
_hY9(T4).73, Q1 _cGB _2CC |
||
| 999 |
_c627566 _d627566 |
||